000 nam a22 7a 4500
999 _c235043
_d235043
003 Nust
005 20170405124132.0
008 170405b xxu||||| |||| 00| 0 eng d
020 _a9788183421812
040 _cDLC
082 _a363.731 PRA
100 _4Prasad, P. N.
245 _aIndustrial Pollution Causes, Effects and Control
260 _c2010
942 _2ddc
_cBK